| 000 | 00752cam a2200277 4500 | ||
|---|---|---|---|
| 008 | 090401t1994 xxu||||| |||| 00| 0 eng d | ||
| 020 | _a0117528889 | ||
| 035 | _a(Sirsi) u71062 | ||
| 041 | _aeng | ||
| 050 | _a711.309422 | ||
| 110 |
_aUnited Kingdom _bDepartment of the Environment _9982 |
||
| 245 | _aRegional planning guidance for the South East. | ||
| 250 | _aRevised ed. | ||
| 260 |
_aLondon _bHMSO _c1994 |
||
| 300 | _a36p. : ill.,maps ; 30cm. | ||
| 350 | _a6.95 | ||
| 490 |
_aRPG _v9 |
||
| 520 | _aSuperseded by 2001 edition (ISBN 0117535621). | ||
| 650 | _aLONDON | ||
| 650 | _aREGIONAL PLANNING | ||
| 650 | _aRPG9 | ||
| 650 | _aSOUTHEAST ENGLAND | ||
| 690 | _aPLANNING LAW AND PRACTICE | ||
| 942 | _n0 | ||
| 948 | _c04/03/1997 | ||
| 999 |
_c95372 _d95372 |
||